000
00258nam a22001097a 4500
008
170119b xxu||||| |||| 00| 0 eng d
020
_a
9781593107352
041
_a
eng
080
_a
618.2
245
_a
LIGHT FOR MY PATH FOR NURSES
_c
HAKE, G.M
942
_2
udc
_c
BK
999
_c
3149
_d
3149